Catálogo
 En Linea

Los Puello / (Registro nro. 26475)

Detalles MARC
000 -CABECERA
campo de control de longitud fija 01117nam a2200313 i 4500
001 - NÚMERO DE CONTROL
campo de control 000026983
003 - IDENTIFICADOR DEL NÚMERO DE CONTROL
campo de control DO-SdBNP
005 - FECHA Y HORA DE LA ÚLTIMA TRANSACCIÓN
campo de control 20241202095833.0
008 - DATOS DE LONGITUD FIJA--INFORMACIÓN GENERAL
campo de control de longitud fija 110328s1959 dr 001 0 spa d
040 ## - FUENTE DE LA CATALOGACIÓN
Centro catalogador/agencia de origen DO-SdBNP
Lengua de catalogación spa
Centro/agencia transcriptor BNPHU
Normas de descripción rda
041 ## - CÓDIGO DE LENGUA
Código de lengua original spa
082 74 - NÚMERO DE LA CLASIFICACIÓN DECIMAL DEWEY
Número de clasificación 929.2
Número de documento/Ítem P977G
Número de edición 22
100 1# - ENTRADA PRINCIPAL--NOMBRE DE PERSONA
Nombre de persona Garrido Puello, Víctor,
Fechas asociadas al nombre 1886-1972
Término indicativo de función/relación autor
9 (RLIN) 54083
245 14 - MENCIÓN DE TÍTULO
Título Los Puello /
Mención de responsabilidad, etc. Víctor Garrido.
264 ## - PRODUCCIÓN, PUBLICACIÓN, DISTRIBUCIÓN, FABRICACIÓN Y COPYRIGHT
Producción, publicación, distribución, fabricación y copyright Ciudad Trujillo, República Dominicana :
Nombre del de productor, editor, distribuidor, fabricante Montalvo,
Fecha de producción, publicación, distribución, fabricación o copyright 1959.
300 ## - DESCRIPCIÓN FÍSICA
Extensión 232 páginas ;
Dimensiones 24 cm.
336 ## - TIPO DE CONTENIDO
Término de tipo de contenido rdacontent
Código de tipo de contenido texto
Fuente txt
337 ## - TIPO DE MEDIO
Nombre/término del tipo de medio rdamedia
Código del tipo de medio sin mediación
Fuente n
338 ## - TIPO DE SOPORTE
Nombre/término del tipo de soporte rdacarrier
Código del tipo de soporte volumen
Fuente nc
500 ## - NOTA GENERAL
Nota general Incluye índice de nombres y lugares.
500 ## - NOTA GENERAL
Nota general Incluye referencias bibliográficas y notas al pie de las páginas.
590 ## - NOTA LOCAL (RLIN)
Nota local Inventariado, 2024/DG
600 14 - PUNTO DE ACCESO ADICIONAL DE MATERIA--NOMBRE DE PERSONA
Nombre de persona , Puello y Castro, José Joaquín,
Fechas asociadas al nombre 1808-1847
9 (RLIN) 13494
600 14 - PUNTO DE ACCESO ADICIONAL DE MATERIA--NOMBRE DE PERSONA
Nombre de persona Puello y Castro, Gabino,
Fechas asociadas al nombre 1816-1847
9 (RLIN) 38795
651 #4 - PUNTO DE ACCESO ADICIONAL DE MATERIA--NOMBRE GEOGRÁFICO
Nombre geográfico República Dominicana
Subdivisión general Historia
9 (RLIN) 38796
651 #4 - PUNTO DE ACCESO ADICIONAL DE MATERIA--NOMBRE GEOGRÁFICO
Nombre geográfico República Dominicana
Subdivisión de forma Biografías
9 (RLIN) 1083
910 ## - DATOS DE OPCIÓN DEL USUARIO (OCLC)
Datos de opción del usuario Validado. Control de calidad MFF
942 ## - ELEMENTOS DE PUNTO DE ACCESO ADICIONAL (KOHA)
Fuente del sistema de clasificación o colocación Dewey Decimal Classification
Tipo de ítem Koha Libro
Existencias
Estado de retiro Estado de pérdida Fuente del sistema de clasificación o colocación Restricciones de uso No para préstamo Código de colección Localización permanente Ubicación/localización actual Ubicación en estantería Fecha de adquisición Número de inventario Total de préstamos Signatura topográfica completa Código de barras Fecha visto por última vez Número de copia Precio válido a partir de Tipo de ítem Koha Fuente de adquisición Nota pública
  Extraviado Dewey Decimal Classification Préstamo en sala   Raros y valiosos Biblioteca Nacional Pedro Henríquez Ureña Biblioteca Nacional Pedro Henríquez Ureña Depósito 07.04.2015     BNPHU DS-RV 929.2 P977G 26983-50 25.06.2020 e. 5 25.06.2020 Libro Donado por la Presidencia de la República Dominicana 2023 Pertenecio a la biblioteca personal de Emilio Cordero Michel
    Dewey Decimal Classification Préstamo en sala   Raros y valiosos Biblioteca Nacional Pedro Henríquez Ureña General Depósito 31.01.2012 LF1   BNPHU PD-RV 929.2 P977G 26983-40 25.06.2020 e. 4 25.06.2020 Libro    
    Dewey Decimal Classification Préstamo en sala   Raros y valiosos Biblioteca Nacional Pedro Henríquez Ureña General Depósito 17.08.2011 LF1   BNPHU DS-RV 929.2 P977G 26983-30 25.06.2020 e. 3 25.06.2020 Libro    
    Dewey Decimal Classification Excluido de préstamo Excluido de préstamo Raros y valiosos Patrimonio Dominicano Patrimonio Dominicano Depósito 28.03.2011 LF1   BNPHU PD 929.2 P977G 26983-10 25.06.2020   25.06.2020 Libro   Perteneció a la biblioteca personal de Martínez Boog.
    Dewey Decimal Classification   Excluido de préstamo Raros y valiosos Patrimonio Dominicano Patrimonio Dominicano   05.08.2011 LF1   BNPHU DS-RV 929.2 P977G 26983-20 25.06.2020 e. 2 25.06.2020 Libro    

Con tecnología Koha